000
00302nam a2200121Ia 4500
008
191201s2014 xx 000 0 und d
100
_a
KRAMER, Steven L
245
0
_a
Geotechnical Earthquake Engineering
260
_a
N. delhi
_b
Pearson
_c
2014
300
_a
653
650
_a
B.Tech(CE)
942
_2
ddc
_c
BK
999
_c
6076
_d
6076